Statistics for Reverse: 1999 Playable Characters (CN)

Click here to take the quiz!

General Stats

  • This quiz has been taken 24 times
  • The average score is 41 of 68

Answer Stats

AfflatusCharacter% Correct
MineralBalloon Party
90%
MineralEternity
90%
MineralSonetto
90%
StarTooth Fairy
90%
IntellectX
90%
Intellect6
80%
SpiritA Knight
80%
StarAPPLe
80%
SpiritClick
80%
PlantDiggers
80%
BeastDikke
80%
StarLilya
80%
BeastMedicine Pocket
80%
StarRegulus
80%
PlantSotheby
80%
StarBaby Blue
70%
IntellectDoor
70%
PlantDruvis III
70%
PlantJessica
70%
StarMatilda
70%
SpiritMs. Radio
70%
MineralPickles
70%
StarSputnik
70%
BeastTennant
70%
StarVoyager
70%
Star37
60%
StaraliEn T
60%
PlantAn-An Lee
60%
PlantBkornblume
60%
StarBlonney
60%
StarCharlie
60%
MineralHorropedia
60%
IntellectJohn Titor
60%
PlantKanjira
60%
BeastLeilani
60%
IntellectMesmer Jr.
60%
MineralNecrologist
60%
MineralONiON
60%
BeastPavia
60%
SpiritPoltergeist
60%
PlantRabies
60%
BeastSweetheart
60%
PlantЗима
50%
MineralBlack Dwarf
50%
BeastCenturion
50%
PlantEagle
50%
StarErick
50%
PlantLa Source
50%
BeastMelania
50%
MineralMondlicht
50%
BeastNick Bottom
50%
StarOliver Fog
50%
PlantSatsuki
50%
BeastSchneider
50%
BeastShamane
50%
BeastSpathodea
50%
BeastBunny Bunny
40%
BeastDarley Clatter
40%
BeastDesert Flannel
40%
MineralMs. Moissan
40%
MineralMs. NewBabel
40%
StarThe Fool
40%
StarTTT
40%
SpiritTwins Sleep
40%
MineralBette
30%
MineralCristallo
30%
MineralUlu
30%
StarEzra Theodore
20%

Score Distribution

Percentile by Number Answered

Percent of People with Each Score

Your Score History

You have not taken this quiz